| 000 | 00734cam a22001337a 4500 | ||
|---|---|---|---|
| 008 | 180718b1999 xxu||||| |||| 00| 0 eng d | ||
| 082 | _aDx54 D361 | ||
| 245 |
_aA defining moment: journey of friendship and hope (Prime Minister Shri Atal Bihari Vajpayee's historic visit to Pakistan), February 20-21, 1999 _cby Directorate of Advertising and Visual Publicity, Ministry of Information and Broadcasting |
||
| 260 |
_aNew Delhi _bDirectorate of Advertising and Visual Publicity, Ministry of Information and Broadcasting _c1999 |
||
| 300 | _av.p. | ||
| 650 | _aLahore declaration | ||
| 650 | _aIndia - Foreign relations - Pakistan | ||
| 700 | _aIndia. Ministry of Information and Broadcasting. Directorate of Advertising and Visual Publicity | ||
| 999 |
_c487193 _d487193 |
||